[Event "9.Offene Senioren SH 2015"]
[Site "Buesum"]
[Date "2015.10.07"]
[Round "9.34"]
[White "Smits, Oswald"]
[Black "Kaufmann, Helmut"]
[Result "0-1"]
[WhiteElo "1866"]
[BlackElo "1959"]
[PlyCount "82"]
[EventDate "2015.??.??"]
[WhiteTeam "SF Taunus"]
[BlackTeam "SK Eutingen"]

1. d4 g6 2. e4 Bg7 3. Nc3 d6 4. Be3 a6 5. Nf3 Nc6 6. Be2 h6 7. O-O e6 8. Qd2
Nge7 9. Rad1 d5 10. exd5 exd5 11. Na4 b6 12. b3 Nf5 13. Qc3 Nce7 14. Bf4 Ra7 15.
Bd3 O-O 16. Be5 f6 17. Bf4 g5 18. Bc1 Nd6 19. Qb2 Bd7 20. Nc3 b5 21. Ne2 Bf5 22.
Bxf5 Nexf5 23. c3 c6 24. Nd2 Re8 25. Rfe1 Rae7 26. Nf1 Nh4 27. Nfg3 f5 28. Nh1
f4 29. f3 Re6 30. Qc2 Qe7 31. Kf2 Nxg2 32. Kxg2 Rxe2+ 33. Rxe2 Qxe2+ 34. Qxe2
Rxe2+ 35. Kh3 Rxa2 36. Bd2 Rb2 37. b4 Nc4 38. Be1 a5 39. bxa5 Nxa5 40. Ra1 Nb3
41. Ra4 Rb1 0-1

[Event "9.Offene Senioren SH 2015"]
[Site "Buesum"]
[Date "2015.10.07"]
[Round "9.35"]
[White "Zimmermann, Manfred"]
[Black "Fritsch, Juergen"]
[Result "1-0"]
[WhiteElo "1957"]
[BlackElo "1868"]
[PlyCount "63"]
[EventDate "2015.??.??"]
[WhiteTeam "Kieler SG"]
[BlackTeam "SK Lister Turm"]

1. d4 d5 2. Nf3 Bf5 3. e3 e6 4. Bd3 Nh6 5. Qe2 Bxd3 6. Qxd3 g6 7. b3 Nf5 8. Qb5+
Nd7 9. Qxb7 Nd6 10. Qa6 Bg7 11. Bb2 O-O 12. Nbd2 Nb6 13. Ne5 Qe8 14. c4 dxc4 15.
Nexc4 Qc6 16. O-O Ndxc4  17. Nxc4 Qe4 18. Rac1 Rfb8 19. f3 Qd5 20. Nd2 Qd7 21.
Ne4 Nd5 22. Qe2 Bh6 23. f4 Bf8 24. Rc4 Be7 25. Rfc1 a6 26. Nf2 Rb7 27. Nd3 Qb5
28. e4 Nb4 29. Nxb4 Bxb4 30. Qc2 Ba5 31. Rc5 Qb4 32. Bc3 1-0

[Event "9.Offene Senioren SH 2015"]
[Site "Buesum"]
[Date "2015.10.07"]
[Round "9.36"]
[White "Fleischer, Martin"]
[Black "Hagermann, Hermann"]
[Result "1/2-1/2"]
[WhiteElo "1872"]
[BlackElo "1949"]
[PlyCount "65"]
[EventDate "2015.??.??"]
[WhiteTeam "SV Einheit Schwerin"]
[BlackTeam "SV Erkenschwick"]

1. e4 e5 2. Nf3 Nc6 3. c3 f5 4. d3 Nf6 5. Bg5 h6 6. Bxf6 Qxf6 7. Nbd2 d6 8. g3
Be6 9. Nh4 f4 10. Qh5+ Bf7 11. Qf3 h5 12. Bh3 g5 13. gxf4 g4 14. fxe5 Qxf3 15.
Nhxf3 gxh3 16. exd6 Bxd6 17. Ng5 Rg8 18. Ndf3 Ne5 19. Ke2 Nxf3 20. Nxf3 Bf4 21.
Nh4 Rg4 22. Nf5 Be6 23. Ne3 Bxe3 24. Kxe3 Ke7 25. b3 Rf8 26. Rhg1 Rfg8 27. Rg3
h4 28. Rxg4 Rxg4 29. c4 Rg2 30. Rh1 c5 31. a4 a5 32. f3 Rb2 33. f4 { Rest nicht
rekonstruierbar} 1/2-1/2

[Event "9.Offene Senioren SH 2015"]
[Site "Buesum"]
[Date "2015.10.07"]
[Round "9.37"]
[White "Pamperin, Gerhard"]
[Black "Jung, Michael"]
[Result "1-0"]
[WhiteElo "1948"]
[BlackElo "1828"]
[PlyCount "39"]
[EventDate "2015.??.??"]
[WhiteTeam "SF Schwerin"]
[BlackTeam "SV Osnabrueck"]

1. d4 d5 2. Nf3 Nf6 3. c4 c6 4. e3 g6 5. Nc3 Bg7 6. h3 O-O 7. Be2 a6 8. Bd3 b5
9. c5 Nfd7 10. b4 a5 11. bxa5 Qxa5 12. Bd2 Qc7 13. O-O e5 14. Be2 e4 15. Ne1 Re8
16. Nc2 Nf8 17. a4 bxa4 18. Nxa4 Ba6 19. Nb6 Bxe2 20. Nxa8 { Rest nicht
rekonstruirbar} 1-0

[Event "9.Offene Senioren SH 2015"]
[Site "Buesum"]
[Date "2015.10.07"]
[Round "9.38"]
[White "Raessler, Arndt"]
[Black "Juenger, Leonhard"]
[Result "1/2-1/2"]
[WhiteElo "1944"]
[BlackElo "1826"]
[PlyCount "44"]
[EventDate "2015.??.??"]
[WhiteTeam "ASV Wismar"]
[BlackTeam "Aachener SV"]

1. d4 Nf6 2. c4 e6 3. Nf3 b6 4. a3 Be7 5. Nc3 O-O 6. e3 Bb7 7. Be2 d6 8. O-O Ne4
9. Nxe4 Bxe4 10. Bd3 d5 11. Bxe4 dxe4 12. Nd2 f5 13. f3 exf3 14. Nxf3 Nd7 15.
Bd2 Rf6 16. Bc3 Bd6 17. b4 Rh6 18. c5 Be7 19. Be1 Nf6 20. Ne5 Qd5 21. Qf3 Ne4
22. Nd3 Rf6 1/2-1/2

[Event "9.Offene Senioren SH 2015"]
[Site "Buesum"]
[Date "2015.10.07"]
[Round "9.39"]
[White "Fuss, Jan"]
[Black "Riha, Peter"]
[Result "1/2-1/2"]
[WhiteElo "1936"]
[BlackElo "1787"]
[PlyCount "29"]
[EventDate "2015.??.??"]
[WhiteTeam "Herforder SV Koenigsspringer"]
[BlackTeam "Schleswiger SV von 1919"]

1. e4 e5 2. Nf3 Nc6 3. Bb5 a6 4. Ba4 d6 5. c3 f5 6. exf5 Bxf5 7. d3 Be7 8. Qe2
Nf6 9. Nbd2 O-O 10. Bb3+ Kh8 11. Ne4 d5 12. Ng3 Bg6 13. O-O Bd6 14. Bg5 Bf7 15.
Nf5 1/2-1/2

[Event "9.Offene Senioren SH 2015"]
[Site "Buesum"]
[Date "2015.10.07"]
[Round "9.40"]
[White "Nowack, Achim"]
[Black "Stecklina, Otto"]
[Result "1-0"]
[WhiteElo "1798"]
[BlackElo "1933"]
[PlyCount "79"]
[EventDate "2015.??.??"]
[WhiteTeam "SK Kaltenkirchen"]
[BlackTeam "Freibauer Wedemark"]

1. e4 c5 2. Nf3 Nc6 3. d3 e6 4. g3 Nf6 5. Bg2 d6 6. O-O Be7 7. Re1 e5 8. Nbd2
O-O 9. Nf1 Bg4 10. Ne3 Bh5 11. Nf5 Nd4 12. Nxe7+ Qxe7 13. c3 Nxf3+ 14. Bxf3 Bxf3
15. Qxf3 h6 16. Bd2 Qe6 17. Qg2 Nh7 18. f4 f5 19. exf5 Qxf5 20. Qd5+ Kh8 21. Rf1
Qg6 22. fxe5 dxe5 23. Qxe5 Rfe8 24. Qf5 Qb6 25. b3 Re2 26. Rf2 Rae8 27. Rxe2
Rxe2 28. Qc8+ Nf8 29. Qxf8+ Kh7 30. Qf5+ Kh8 31. Re1 c4+ 32. d4 Rxe1+ 33. Bxe1
cxb3 34. axb3 Qxb3 35. d5 a5 36. Qf8+ Kh7 37. d6 Qe6 38. Qe7 Qb3 39. d7 Qb6+ 40.
Bf2 1-0

[Event "9.Offene Senioren SH 2015"]
[Site "Buesum"]
[Date "2015.10.07"]
[Round "9.43"]
[White "Reutimann, Hans Peter"]
[Black "Wulf, Adalbert"]
[Result "0-1"]
[WhiteElo "1780"]
[BlackElo "1914"]
[PlyCount "68"]
[EventDate "2015.??.??"]
[WhiteTeam "SC Duebendorf"]
[BlackTeam "SV Ennigerloh-Oelde"]

1. d4 Nf6 2. Nf3 e6 3. Bf4 c5 4. e3 Nc6 5. c3 Be7 6. Nbd2 d5 7. Bd3 c4 8. Bc2 b5
9. Ne5 Bb7 10. O-O Nxe5 11. dxe5 Ne4 12. Nf3 g5 13. Bg3 Nxg3 14. hxg3 Qc7 15.
Nd4 a6 16. Qh5 Qxe5 17. Rae1 Qf6 18. e4 O-O-O 19. e5 Qg7 20. Qd1 h5 21. a4 b4
22. cxb4 Bxb4 23. Re3 g4 24. a5 Kb8 25. Ba4 Rc8 26. Qa1 Rc7 27. b3 c3 28. Nc2
Bxa5 29. b4 Bb6 30. Rxc3 Rxc3 31. Qxc3 Rc8 32. Qa1 Qg6 33. Qb2 Qd3 34. Qa3 Rc3
0-1

[Event "9.Offene Senioren SH 2015"]
[Site "Buesum"]
[Date "2015.10.07"]
[Round "9.44"]
[White "Eberhardt, Michael"]
[Black "Josting, Friedel"]
[Result "1/2-1/2"]
[WhiteElo "1795"]
[BlackElo "1942"]
[PlyCount "70"]
[EventDate "2015.??.??"]
[WhiteTeam "SC Agon Neumuenster"]
[BlackTeam "SG Buende"]

1. d4 Nf6 2. Bf4 g6 3. e3 Bg7 4. Be2 d6 5. Nf3 O-O 6. c4 Nbd7 7. Nc3 Re8 8. Rc1
b6 9. e4 Bb7 10. e5 Nh5 11. Bg5 h6 12. Be3 dxe5 13. O-O exd4 14. Nxd4 Nhf6 15.
Bf3 Bxf3 16. Qxf3 Qc8 17. Nc6 a6 18. Rcd1 e5 19. Nd5 Nxd5 20. Rxd5 e4 21. Qe2
Ne5 22. Nxe5 Rxe5 23. Rxe5 Bxe5 24. Bxh6 Qe6 25. Re1 Re8 26. b3 c5 27. Be3 f5
28. g3 Rd8 29. Kg2 Kg7 30. f3 Bc3 31. Rd1 exf3+ 32. Kxf3 Re8 33. Qd3 Bf6 34.
Qd7+ Re7 35. Qxe6 Rxe6 1/2-1/2

[Event "9.Offene Senioren SH 2015"]
[Site "Buesum"]
[Date "2015.10.07"]
[Round "9.45"]
[White "Linz, Stefan"]
[Black "Perk, Egbert"]
[Result "0-1"]
[WhiteElo "1695"]
[BlackElo "1916"]
[PlyCount "133"]
[EventDate "2015.??.??"]
[WhiteTeam "SC Bad Marienberg"]
[BlackTeam "SK Lister Turm"]

1. d4 Nf6 2. Bg5 Ne4 3. Bf4 d5 4. Nd2 Nd6 5. h3 Nc6 6. c3 g6 7. Ngf3 Bg7 8. Qc2
Bf5 9. Qb3 Be6 10. e3 O-O 11. Qc2 Bf5 12. Bd3 Bxd3 13. Qxd3 Re8 14. O-O a6 15.
a3 Na5 16. Qc2 b5 17. Nb3 Nxb3 18. Qxb3 Ne4 19. Rfd1 c6 20. Nd2 Nxd2 21. Rxd2 a5
22. Qc2 f5 23. Bg3 Qd7 24. Kf1 Rf8 25. Kg1 a4 26. Rf1 Qe6 27. Re2 Rac8 28. Qd3
Rf7 29. Rfe1 Qd7 30. Rd2 Re8 31. Rde2 e6 32. Qc2 g5 33. f4 Bf6 34. Bf2 Rg7 35.
Kh2 h5 36. Rg1 Kf7 37. g3 Reg8 38. Be1 Qd6 39. Reg2 Ke8 40. Qe2 Rh7 41. Kh1 Qd7
42. Rh2 Qb7 43. Rgg2 Rgh8 44. Kg1 Qb6 45. Bf2 Be7 46. Qd1 c5 47. Qe2 b4 48. cxb4
cxb4 49. axb4 Qxb4 50. Be1 Qb3 51. Kh1 g4 52. h4 Kf7 53. Qd2 Rc8 54. Re2 Rhh8
55. Qa5 Rc1 56. Rhg2 Rhc8 57. Kh2 R8c7 58. Rg1 R7c4 59. Rgg2 Qd3 60. Qd2 Qe4 61.
Qa5 Qb1 62. Rg1 R4c2 63. Rxc2 Rxc2+ 64. Rg2 Qxb2 65. Rxc2 Qxc2+ 66. Qd2 Qb1 67.
Qc3 0-1

[Event "9.Offene Senioren SH 2015"]
[Site "Buesum"]
[Date "2015.10.07"]
[Round "9.46"]
[White "Gehrmann, Dorit"]
[Black "Hilbig, Klaus"]
[Result "1-0"]
[WhiteElo "1915"]
[BlackElo "1726"]
[PlyCount "79"]
[EventDate "2015.??.??"]
[WhiteTeam "SV Eutin"]
[BlackTeam "Ahrensburger TSV"]

1. e4 e6 2. d4 d5 3. Bd3 dxe4 4. Bxe4 Nf6 5. Bd3 c5 6. Nf3 Nc6 7. dxc5 Bxc5 8.
O-O O-O 9. Nc3 e5 10. Bg5 b6 11. Re1 Re8 12. Bb5 Bb7 13. Qxd8 Raxd8 14. Bxc6
Bxc6 15. Nxe5 Rxe5 16. Rxe5 Bxf2+ 17. Kxf2 Ng4+ 18. Kg3 f6 19. Re6 Ne5 20. Rxe5
fxg5 21. Rd1 Rf8 22. Rd6 Ba8 23. Re7 h5 24. h3 Kh7 25. Rdd7 h4+ 26. Kh2 Rf2 27.
Re2 Rf1 28. Nd5 Bc6 29. Ne3 Rf4 30. Rxa7 Kg6 31. Ng4 Bd5 32. c4 Bxc4 33. Ne5+
Kh5 34. Nxc4 Rxc4 35. Rxg7 Rc6 36. Re5 Kh6 37. Rgxg5 Rc2 38. Rb5 Rd2 39. Rh5+
Kg6 40. Rxh4 1-0

[Event "9.Offene Senioren SH 2015"]
[Site "Buesum"]
[Date "2015.10.07"]
[Round "9.47"]
[White "Merettig, Georg"]
[Black "Potschka, Dieter"]
[Result "0-1"]
[WhiteElo "1880"]
[BlackElo "1791"]
[PlyCount "126"]
[EventDate "2015.??.??"]
[WhiteTeam "SV Caissa Wolfenbuettel"]
[BlackTeam "VfL Geesthacht"]

1. Nc3 e6 2. f4 d5 3. e4 dxe4 4. Nxe4 Nf6 5. Ng3 Be7 6. d4 c5 7. Nf3 Nc6 8. Be3
cxd4 9. Nxd4 Bd7 10. Nb5 O-O 11. Nd6 b6 12. Be2 Nd5 13. Ndf5 Nxe3 14. Nxe3 Bc5
15. Ng4 Nd4 16. Bf1 Bc6 17. c3 Nf5 18. Qc2 Qe7 19. O-O-O Rad8 20. Bd3 g6 21.
Rde1 Qb7 22. Nf6+ Kg7 23. Nge4 Be3+ 24. Kb1 Bxf4 25. g3 Bd6 26. g4 Ne7 27. h4
Nd5 28. Nxd6 Rxd6 29. Qh2 Nxf6 30. Qxd6 Bxh1 31. g5 Nh5 32. Qh2 Bc6 33. Be2 Qb8
34. Qg1 Be4+ 35. Ka1 Bf5 36. Bxh5 gxh5 37. Qd4+ Kg8 38. Rd1 Qc7 39. a3 Qe7 40.
b4 e5 41. Qe3 Rd8 42. Rf1 Qe6 43. Kb2 Rd3 44. Qe2 Qc4 45. Qxe5 Rd2+ 46. Kc1
Qxf1+ 47. Kxd2 Qd3+ 48. Ke1 Qe4+ 49. Qxe4 Bxe4 50. Kf2 Kg7 51. Ke3 Bb7 52. Kf4
h6 53. c4 Kg6 54. gxh6 Kxh6 55. Kf5 Kg7 56. Kg5 Bf3 57. c5 bxc5 58. bxc5 f6+ 59.
Kf5 Kf7 60. Kf4 Bc6 61. Kf5 Bd7+ 62. Ke4 Ke6 63. Kd4 f5 0-1

[Event "9.Offene Senioren SH 2015"]
[Site "Buesum"]
[Date "2015.10.07"]
[Round "9.48"]
[White "Ludwig, Richard"]
[Black "Kolkwitz, Klaus"]
[Result "1/2-1/2"]
[WhiteElo "1670"]
[BlackElo "1849"]
[PlyCount "31"]
[EventDate "2015.??.??"]
[WhiteTeam "SV Irxleben"]
[BlackTeam "ESV Eberswalde"]

1. e4 g6 2. d4 d6 3. Nf3 Nf6 4. Nc3 c6 5. Be2 Bg7 6. h3 O-O 7. O-O Nfd7 8. Bg5
Nb6 9. Qd2 N8d7 10. Bh6 Nf6 11. Bxg7 Kxg7 12. Rfe1 Be6 13. b3 Qc7 14. Rad1 Rad8
15. Qc1 Bc8 16. Qb2 1/2-1/2

[Event "9.Offene Senioren SH 2015"]
[Site "Buesum"]
[Date "2015.10.07"]
[Round "9.49"]
[White "Kreie, Guenter"]
[Black "Petersen, Guenter"]
[Result "1-0"]
[WhiteElo "1843"]
[BlackElo "1609"]
[PlyCount "39"]
[EventDate "2015.??.??"]
[WhiteTeam "TuS Eichholz-Remmighausen"]
[BlackTeam "Segeberger SF"]

1. e4 e5 2. Nf3 Nc6 3. Bc4 Bc5 4. c3 h6 5. d4 exd4 6. cxd4 Bb4+ 7. Nc3 d6 8. Qb3
Qe7 9. O-O Bxc3 10. Qxc3 Bg4 11. Bb5 Bd7 12. Bxc6 Bxc6 13. d5 Bb5 14. Re1 O-O-O
15. Nd4 Bd7 16. Bd2 Kb8 17. Rac1 Rc8 18. Nc6+ Bxc6 19. dxc6 b6 20. Qc4 1-0

[Event "9.Offene Senioren SH 2015"]
[Site "Buesum"]
[Date "2015.10.07"]
[Round "9.50"]
[White "Schuller, Erhard"]
[Black "Westphal-Stubbe, Siegbert"]
[Result "1/2-1/2"]
[WhiteElo "1733"]
[BlackElo "1822"]
[PlyCount "26"]
[EventDate "2015.??.??"]
[WhiteTeam "SV Morsbach"]
[BlackTeam "SG Ploener See"]

1. Nf3 c5 2. g3 b6 3. Bg2 Bb7 4. O-O Nc6 5. b3 e6 6. Bb2 Nf6 7. c4 Be7 8. d4
cxd4 9. Nxd4 a6 10. Nxc6 Bxc6 11. Bxc6 dxc6 12. Nc3 O-O 13. Qxd8 Rfxd8 1/2-1/2

[Event "9.Offene Senioren SH 2015"]
[Site "Buesum"]
[Date "2015.10.07"]
[Round "9.51"]
[White "Hoelzel, Gerhard"]
[Black "Bordasch, Christian"]
[Result "0-1"]
[WhiteElo "1718"]
[BlackElo "1798"]
[PlyCount "122"]
[EventDate "2015.??.??"]
[WhiteTeam "Ahrensburger TSV"]
[BlackTeam "SK Norderstedt"]

1. f4 d5 2. e3 Nf6 3. b3 g6 4. Bb2 Bg7 5. Nc3 O-O 6. Nf3 Nbd7 7. Be2 Re8 8. O-O
c6 9. Ne5 Qc7 10. d4 Nf8 11. g4 N6d7 12. Qe1 f6 13. Nxd7 Bxd7 14. Qf2 Qc8 15. h3
h5 16. f5 hxg4 17. hxg4 Rd8 18. Bd3 Be8 19. Qg2 Bh6 20. Qh3 Bg7 21. Kg2 g5 22.
Ne2 Qc7 23. c4 b6 24. Rac1 Bf7 25. cxd5 Bxd5+ 26. e4 Bf7 27. Bc4 Bxc4 28. bxc4
e6 29. Ng3 Qe7 30. Rfe1 e5 31. d5 cxd5 32. cxd5 Rac8 33. Nh5 Rxc1 34. Rxc1 Qb4
35. Bc3 Qxe4+ 36. Qf3 Qxd5 37. Qxd5+ Rxd5 38. Ng3 Nd7 39. Ne4 Nc5 40. Nxc5 Rxc5
41. Kf3 Bf8 42. Bb2 Rxc1 43. Bxc1 Kf7 44. Ke4 Ke8 45. Kd5 Kd7 46. a4 a6 47. Bd2
Bc5 48. Bc3 Be7 49. Bd2 b5 50. axb5 axb5 51. Be1 b4 52. Kc4 Kc6 53. Bd2 Bc5 54.
Be1 e4 55. Bd2 e3 56. Be1 e2 57. Kd3 Kd5 58. Kxe2 b3 59. Kd3 Bd4 60. Bg3 b2 61.
Kc2 Ke4 0-1

[Event "9.Offene Senioren SH 2015"]
[Site "Buesum"]
[Date "2015.10.07"]
[Round "9.52"]
[White "Meinke, Dietlind"]
[Black "Graffenberger, Wilhelm"]
[Result "1-0"]
[WhiteElo "1931"]
[BlackElo "1730"]
[PlyCount "55"]
[EventDate "2015.??.??"]
[WhiteTeam "MTV Leck"]
[BlackTeam "Hamburger SK"]

1. e4 c5 2. Nc3 Nc6 3. f4 g6 4. Nf3 Bg7 5. Bb5 Nd4 6. O-O Nxb5 7. Nxb5 d6 8. Nc3
Bg4 9. Qe1 e6 10. d3 Bxf3 11. Rxf3 Ne7 12. f5 Nc6 13. fxe6 fxe6 14. Be3 Qe7 15.
Qd2 h6 16. Raf1 Rf8 17. Rxf8+ Bxf8 18. Bxh6 Bxh6 19. Qxh6 O-O-O 20. Qxg6 Ne5 21.
Qf6 Qe8 22. h3 Rd7 23. Qf8 Kd8 24. Qxe8+ Kxe8 25. b3 a6 26. a4 d5 27. exd5 exd5
28. Re1 1-0

[Event "9.Offene Senioren SH 2015"]
[Site "Buesum"]
[Date "2015.10.07"]
[Round "9.53"]
[White "Stratmann, Dietrich"]
[Black "Krneta, Slavko"]
[Result "1/2-1/2"]
[WhiteElo "1677"]
[BlackElo "1871"]
[PlyCount "64"]
[EventDate "2015.??.??"]
[WhiteTeam "SC Northeim"]
[BlackTeam "FG Wohlde"]

1. d4 e6 2. Nf3 d5 3. e3 Nf6 4. Bd3 b6 5. Nbd2 c6 6. O-O Be7 7. Ne5 Qc7 8. f4
Bd6 9. Qf3 g6 10. Qh3 Nh5 11. g4 Ng7 12. Qh6 Bf8 13. Qh3 Ba6 14. Bxa6 Nxa6 15.
a3 O-O-O 16. b4 Bd6 17. Qf3 f5 18. c4 Bxe5 19. dxe5 fxg4 20. Qxg4 Nf5 21. Qe2 g5
22. cxd5 Nb8 23. d6 Qg7 24. Kh1 g4 25. Ne4 h5 26. Ng5 Rh6 27. Qg2 Rg6 28. Bd2
Rxg5 29. fxg5 Qxe5 30. h4 Nxh4 31. Qh2 Qd5+ 32. Kg1 Nf3+ 1/2-1/2

[Event "9.Offene Senioren SH 2015"]
[Site "Buesum"]
[Date "2015.10.07"]
[Round "9.54"]
[White "Lueders, Guenter"]
[Black "Bachmann, Friedrich"]
[Result "1-0"]
[WhiteElo "1796"]
[BlackElo "1675"]
[PlyCount "81"]
[EventDate "2015.??.??"]
[WhiteTeam "TSV Benshausen"]
[BlackTeam "SC Bad Salzdetfurth"]

1. d4 d5 2. Nf3 Nf6 3. Bf4 Nc6 4. Nbd2 e6 5. h3 Bd6 6. Bxd6 Qxd6 7. a3 e5 8.
dxe5 Nxe5 9. e3 Be6 10. Be2 Nxf3+ 11. Nxf3 c6 12. O-O h6 13. c4 O-O 14. cxd5
Bxd5 15. Qa4 b5 16. Qa5 Qd8 17. Qc3 Ne4 18. Qc2 a6 19. Rfd1 Qe7 20. Rac1 Rac8
21. b4 Rfd8 22. Bd3 Ng5 23. Nxg5 Qxg5 24. Be4 Qe5 25. Bxd5 cxd5 26. Qb3 Rxc1 27.
Rxc1 g5 28. Qc2 Qe6 29. Qc7 Rd7 30. Qc8+ Kg7 31. Qc3+ f6 32. Qc8 Qe7 33. Qxa6
Ra7 34. Qxb5 Rxa3 35. Qxd5 Qxb4 36. Qd7+ Kg6 37. Qe8+ Kf5 38. g4+ Qxg4+ 39.
hxg4+ Kxg4 40. Rc4+ Kf3 41. Qh5+ 1-0

[Event "9.Offene Senioren SH 2015"]
[Site "Buesum"]
[Date "2015.10.07"]
[Round "9.55"]
[White "Kuehnen, Gerhard"]
[Black "Manthey, Wolfgang"]
[Result "1/2-1/2"]
[WhiteElo "1649"]
[BlackElo "1780"]
[PlyCount "56"]
[EventDate "2015.??.??"]
[WhiteTeam "Flensburger SK"]
[BlackTeam "Helmstedter SV"]

1. d4 Nf6 2. Nf3 g6 3. c4 Bg7 4. Nc3 d6 5. e4 O-O 6. Bd3 Nbd7 7. Be3 Ng4 8. Bd2
e5 9. d5 Nc5 10. Bc2 f5 11. b4 fxe4 12. Nxe4 Nxe4 13. Bxe4 Nf6 14. Qc2 Nxe4 15.
Qxe4 Bf5 16. Qe3 Bg4 17. Qe4 Bxf3 18. gxf3 Qd7 19. h4 Rf4 20. Bxf4 exf4 21. Qb1
Re8+ 22. Kd2 Qa4 23. Qb3 Qxb3 24. axb3 Bxa1 25. Rxa1 a6 26. Kd3 Re5 27. Rg1 Kg7
28. Rg5 Kf6 1/2-1/2

[Event "9.Offene Senioren SH 2015"]
[Site "Buesum"]
[Date "2015.10.07"]
[Round "9.56"]
[White "Eschweiler, Gottfried"]
[Black "Ketelsen, Herbert"]
[Result "1-0"]
[WhiteElo "1775"]
[BlackElo "1194"]
[PlyCount "85"]
[EventDate "2015.??.??"]
[WhiteTeam "SG Neuss"]
[BlackTeam "SK Kaltenkirchen"]

1. Nf3 d6 2. d3 g6 3. g3 Bg7 4. Bg2 c6 5. O-O Nf6 6. Nbd2 O-O 7. e4 Nbd7 8. c3
e5 9. d4 Re8 10. Re1 exd4 11. cxd4 Nb6 12. Qc2 d5 13. e5 Nfd7 14. Nf1 f6 15.
exf6 Nxf6 16. Rxe8+ Qxe8 17. Bf4 Nc4 18. Re1 Qf7 19. b3 Na3 20. Qc5 Bf8 21. Qc1
Bf5 22. Ne5 Qg7 23. Ne3 Be6 24. h4 Nb5 25. Rd1 Be7 26. a4 Nd6 27. g4 Nd7 28.
Nxd7 Bxd7 29. g5 Rf8 30. Be5 Qf7 31. f4 Nf5 32. Nxf5 Qxf5 33. Qb1 Qg4 34. Qd3 a6
35. Rf1 Qxh4 36. Qe3 Qg4 37. Qf3 Qf5 38. Kh2 Qc2 39. Rf2 Qc1 40. Bh3 Bxh3 41.
Qxh3 Bxg5 42. Qe6+ Rf7 43. fxg5 1-0

[Event "9.Offene Senioren SH 2015"]
[Site "Buesum"]
[Date "2015.10.07"]
[Round "9.57"]
[White "Harders, Werner"]
[Black "Garms, Ilse"]
[Result "0-1"]
[WhiteElo "1569"]
[BlackElo "1745"]
[PlyCount "72"]
[EventDate "2015.??.??"]
[WhiteTeam "SK Kaltenkirchen"]
[BlackTeam "ESV Eberswalde"]

1. f4 e6 2. Nf3 d6 3. d4 Nf6 4. e3 c5 5. c3 Bd7 6. Bd3 Bc6 7. O-O Be7 8. Bd2
Nbd7 9. Qc2 h6 10. Be1 Nb6 11. Nbd2 Nbd5 12. Bf2 Ng4 13. Rad1 b6 14. h3 Nxf2 15.
Rxf2 Qd7 16. dxc5 dxc5 17. Ne5 Qc7 18. a3 Bh4 19. Nxc6 Bxf2+ 20. Kxf2 Qxc6 21.
Be4 Qd7 22. Nc4 Rd8 23. Ne5 Qe7 24. Bg6 O-O 25. f5 Qf6 26. Ng4 Qh4+ 27. g3 Qxh3
28. Bh7+ Kh8 29. Qe4 Qh5 30. Rh1 Qg5 31. f6 Nxf6 32. Nxf6 Qxf6+ 33. Ke2 Qg5 34.
Kf2 Rd2+ 35. Kf3 Rxb2 36. g4 Qd5 0-1

[Event "9.Offene Senioren SH 2015"]
[Site "Buesum"]
[Date "2015.10.07"]
[Round "9.58"]
[White "Komeinda, Josef"]
[Black "Moeller, Peter"]
[Result "1/2-1/2"]
[WhiteElo "1644"]
[BlackElo "1735"]
[PlyCount "49"]
[EventDate "2015.??.??"]
[WhiteTeam "Elberfelder SG"]
[BlackTeam "ASV Wismar"]

1. d4 Nf6 2. Nf3 d5 3. Nbd2 e6 4. e3 Nbd7 5. Bd3 Bd6 6. O-O O-O 7. c4 c6 8. h3
Re8 9. Qc2 Nf8 10. c5 Bc7 11. b4 Ng6 12. Bb2 Bd7 13. a4 a6 14. Ne5 Qe7 15. a5
Rf8 16. Ndf3 Rad8 17. Nxg6 fxg6 18. Ne5 Bc8 19. Qe2 Nd7 20. Qg4 Rf6 21. Qh4 Rdf8
22. Bxg6 h6 23. Ng4 Bd8 24. Nxh6+ gxh6 25. Qxh6 1/2-1/2

[Event "9.Offene Senioren SH 2015"]
[Site "Buesum"]
[Date "2015.10.07"]
[Round "9.59"]
[White "Ungar, Benedict"]
[Black "Schencke, Guenther"]
[Result "1/2-1/2"]
[WhiteElo "1690"]
[BlackElo "1788"]
[PlyCount "115"]
[EventDate "2015.??.??"]
[WhiteTeam "Delmenhorster SK"]
[BlackTeam "SV Hankensbuettel"]

1. Nf3 d5 2. g3 Nf6 3. Bg2 c6 4. c4 Bf5 5. cxd5 cxd5 6. d3 e6 7. Qb3 Qc8 8. O-O
Nc6 9. Nh4 Bg4 10. Re1 h6 11. h3 g5 12. Nf3 Bf5 13. Na3 Bg7 14. Bd2 O-O 15. Rac1
Qd7 16. Kh2 Rfc8 17. e3 Ne8 18. e4 dxe4 19. dxe4 Bg6 20. Bc3 Nf6 21. Ne5 Nxe5
22. Bxe5 Rxc1 23. Rxc1 Ne8 24. Rd1 Qe7 25. Bxg7 Kxg7 26. e5 Rb8 27. Qb5 a6 28.
Qd7 Kf8 29. Qxe7+ Kxe7 30. Nc4 b5 31. Na5 Rc8 32. Nc6+ Kf8 33. b4 f5 34. f4 gxf4
35. gxf4 Nc7 36. Rd8+ Rxd8 37. Nxd8 Ke8 38. Nb7 Ke7 39. Nc5 Be8 40. Kg3 Kf7 41.
Bb7 Ke7 42. Nxa6 Nxa6 43. Bxa6 Kf7 44. Bb7 Ke7 45. Kf2 Kd7 46. Ke3 Kc7 47. Bf3
Kb6 48. Kd4 Bf7 49. h4 Be8 50. Bd1 Bc6 51. Bc2 Be8 52. Bb3 Bd7 53. a3 Bc8 54. a4
bxa4 55. Bxa4 Bb7 56. Bb3 Bc8 57. Bc4 Bd7 58. Bb3 1/2-1/2

[Event "9.Offene Senioren SH 2015"]
[Site "Buesum"]
[Date "2015.10.07"]
[Round "9.60"]
[White "Petersen, Kay"]
[Black "Zechel, Rolf-Ruediger"]
[Result "1-0"]
[WhiteElo "1746"]
[BlackElo "1645"]
[PlyCount "45"]
[EventDate "2015.??.??"]
[WhiteTeam "Heikendorfer SV"]
[BlackTeam "SK Kaltenkirchen"]

1. e4 c5 2. Nc3 Nc6 3. Nf3 d6 4. Be2 g6 5. d4 cxd4 6. Nxd4 Bg7 7. Be3 Nf6 8. Rb1
O-O 9. O-O Bd7 10. Nxc6 Bxc6 11. Bd3 a6 12. Kh1 b5 13. a3 Rc8 14. Qd2 Ng4 15.
Ne2 Nxe3 16. Qxe3 Qc7 17. f4 e5 18. f5 d5 19. c3 Rfd8 20. exd5 Bxd5 21. Be4 Bh6
22. Qxh6 Bxe4 23. f6 1-0

[Event "9.Offene Senioren SH 2015"]
[Site "Buesum"]
[Date "2015.10.07"]
[Round "9.61"]
[White "Henniges, Erhard"]
[Black "Daebel, Hasso"]
[Result "1-0"]
[WhiteElo "1630"]
[BlackElo "1737"]
[PlyCount "52"]
[EventDate "2015.??.??"]
[WhiteTeam "Rochade 96 Magdeburg"]
[BlackTeam "SG Drewer"]

1. c4 c5 2. Nc3 Nc6 3. g3 e6 4. Bg2 Nge7 5. e3 b6 6. Nge2 Bb7 7. O-O d5 8. cxd5
exd5 9. d4 cxd4 10. exd4 Qd7 11. Bf4 h6 12. Nb5 Rc8 13. Nd6+ Kd8 14. Nxf7+ Ke8
15. Nxh8 g5 16. Be5 Nxe5 17. dxe5 Bg7 18. Nf7 Kxf7 19. f4 Kg8 20. Nd4 Rf8 21.
Qd2 gxf4 22. gxf4 Ng6 23. Rf3 Qg4 24. Rg3 Qxf4 25. Qxf4 Rxf4 26. Ne6 Bxe5 1-0

[Event "9.Offene Senioren SH 2015"]
[Site "Buesum"]
[Date "2015.10.07"]
[Round "9.62"]
[White "Van Houten, Henk"]
[Black "Priss, Klaus-Peter"]
[Result "1/2-1/2"]
[WhiteElo "1729"]
[BlackElo "1603"]
[PlyCount "44"]
[EventDate "2015.??.??"]
[WhiteTeam "SC Gronau"]
[BlackTeam "Wyker TB"]

1. b3 e5 2. Bb2 f6 3. e3 d5 4. d4 e4 5. c4 Be6 6. cxd5 Bxd5 7. Ne2 Be6 8. Nbc3
f5 9. Nf4 Bf7 10. a3 c6 11. Bc4 Bxc4 12. bxc4 Nf6 13. O-O Qd7 14. d5 Bd6 15. Ne6
Na6 16. Qa4 Nc5 17. Nxc5 Bxc5 18. dxc6 bxc6 19. Rfd1 Qb7 20. Rab1 O-O 21. Ne2
Qc7 22. g3 Ng4 1/2-1/2

[Event "9.Offene Senioren SH 2015"]
[Site "Buesum"]
[Date "2015.10.07"]
[Round "9.63"]
[White "Geibel, Henning"]
[Black "Weck, Uwe"]
[Result "0-1"]
[WhiteElo "1470"]
[BlackElo "1697"]
[PlyCount "104"]
[EventDate "2015.??.??"]
[WhiteTeam "SV Bargteheide"]
[BlackTeam "SK Kaltenkirchen"]

1. e4 c5 2. Nf3 d6 3. d4 cxd4 4. Nxd4 Nf6 5. Qd3 g6 6. Be2 Bg7 7. O-O O-O 8. c3
Nbd7 9. Be3 Nc5 10. Qc2 Nfxe4 11. b4 Bxd4 12. Bxd4 Bf5 13. bxc5 Ng3 14. Bd3 Bxd3
15. Qxd3 Nxf1 16. Qxf1 e5 17. Be3 d5 18. Bh6 Re8 19. Nd2 Re6 20. Nf3 f6 21. Be3
Qa5 22. c4 d4 23. Bd2 Qxc5 24. a3 a5 25. h4 e4 26. Nh2 f5 27. a4 b6 28. Rb1 Kg7
29. Rb5 Qc7 30. Qc1 Rc6 31. Rd5 Rd8 32. Rxd8 Qxd8 33. Bh6+ Kf7 34. Bg5 Qc8 35.
Qf4 d3 36. Ng4 Re6 37. Ne5+ Ke8 38. g4 d2 39. Qxd2 Rxe5 40. Qd6 Re6 41. Qd4 fxg4
42. Qh8+ Kd7 43. Qxh7+ Kc6 44. Be3 Qd7 45. Qh8 Kb7 46. Qb2 Qd1+ 47. Kg2 Qf3+ 48.
Kg1 Rd6 49. Qg7+ Ka6 50. Bd4 Qd1+ 51. Kh2 Qxd4 52. Qxd4 Rxd4 0-1